000
00278cam a2200109ua 4500
082
_a
823.301
_b
JON/MO
100
_a
Jones, Phyllis M .
_9
1819
245
_a
Modern English Short Stories /
260
_a
London :
_b
Oxford University Press ,
_c
1963.
300
_a
; .
942
_c
BK
999
_c
12655
_d
12655